000 01511nam a2200337 4500
001 0000014096
003 CO-CtgCURN
005 20250527135509.0
007 ta
008 160627s2010 000 0 eng d
020 _a9789589076330
040 _aCO-CtgCURN
_bspa
_ccoctgcurn
082 0 _a617.643
_bU762o
100 1 _aUribe Restrepo, Gonzalo Alonso.
245 1 0 _aOrtodoncia :
_bteoría y clínica /
_cGonzalo Alonso Uribe Restrepo.
250 _a2a ed.
260 _aMedellin :
_bCIB (Corporación para Investigaciones biologicas),
_c2010.
300 _axxvii, 1312 p.
336 _2rdacontent
337 _2rdamedia
_asin mediacion
_bn
338 _2rdacarrier
_avolumen
_bnc
490 1 _aFundamentos de odontología
500 _aIncluye glosario de terminos (p. 1287-1291)
504 _aReferencias bibliograficas al final de cada capitulo.
505 8 _aOrtodoncia basada en la evidencia.--Crecimiento y desarrollo.--Biología celular y molecular.--Diagnostico.--Tratamiento temprano.--Fisica y biomecanica.--Tecnicas, adheson, posicion y remocion de brackets.--Tratamientos especificos.--Retencion mecanica y estabilidad biologica en ortodoncia.--Bioseguridad e instrumentos de ortodoncia.--Tecnicas basicas de ortodoncia
650 1 4 _aEnfermedades de los dientes.
908 _a160627
942 _cBK
_h617.643
_iU762o
_2ddc
_n0
999 _c23401
_d23401